| 000 | 00583nam a2200157 a 4500 | ||
|---|---|---|---|
| 001 | 000043973 | ||
| 005 | 20201002045056.0 | ||
| 008 | 140512s1987 br ac 000 0 spa d | ||
| 020 | _a845054923X | ||
| 040 |
_aDO-SdBNP _bspa _cBNPHU |
||
| 245 | 0 | 0 |
_aDiego Rivera y su México a través del ojo de la cámara : _bCentro de Arte Reina Sofía, 18 febrero-4 junio 1987 / _ceditado por Cynthia Jo Fogliatti. |
| 260 |
_aMadrid : _bMinisterio de Cultura, _c1987. |
||
| 300 |
_a16 p. ; _c28 cm. |
||
| 700 | 1 | 2 |
_aFogliatti, Cynthia Jo _eed. _971923 |
| 710 | 2 |
_aMinisterio de Cultura (España) _969408 |
|
| 999 |
_c43462 _d43462 |
||